000 01396nam a2200349 a 4500
999 _c467132
_d467132
003 BLK
005 20250628161050.0
008 180410b bul|||||r ||||||| ||bul||
020 _a9789543987269
040 _aBLK
041 _aBUL
_cBUL
080 _aБългарска литература
_b821.163.2
_x-94
_z821.163.2-94
080 _aВестници. Журналистика. Радио- и тележурналистика. Вж и 05; 070.48
_b07
_x(497.2)(092)
_z 070(497.2)(092)
100 1 _aГарелов, Иван Стефанов
_eпърви автор
_9333198
139 _aГарелов, Иван Стефанов
_bГ 23
245 1 0 _aНеизпратени писма до Маргарита
_cИван Стефанов Гарелов.
257 _aBGR
260 _bТруд
_c2022
_aСофия
_f ([София] : Алианс принт)
300 _a400 с.
_bс ил.
_c21 см
380 _aX
650 7 _9155626
_aЖурналисти, български - биографии
650 0 _9321857
_aЖурналистика - България
852 _bП
_c821.163.2-9/Г 23 И
852 _bЦб
_aЦб 315278
856 4 _qpdf
_i0.00
_ldisable
856 4 _qpdf
_i0.00
_ldisable
942 _cKNG
_n0
_s1
_022
944 _aCR
_c2022-07-19
_k30575
_lМартин Енчев
944 _aCR
_c2022-12-14
_kир
999 _d467132
999 _d467132